Geografía 1(rossi); general y geografía particular de asia y africa /
Guardado en:
| Autor Principal: | |
|---|---|
| Formato: | Libro |
| Publicado: |
Buenos Aires :
Stella,
1981
|
| Edición: | 10a. ed. |
| Etiquetas: |
Agregar Etiqueta
Sin Etiquetas, Sea el primero en etiquetar este registro!
|
| LEADER | 00767nam a22002055a 4500 | ||
|---|---|---|---|
| 001 | CEM.cems005621 | ||
| 005 | 20060221000000.0 | ||
| 008 | 130507s1981##################000#0#####d | ||
| 003 | CEMS | ||
| 082 | 0 | 4 | |a 910 |
| 100 | 1 | |a Rossi, Floreal | |
| 245 | 1 | 0 | |a Geografía 1(rossi); general y geografía particular de asia y africa / |
| 250 | |a 10a. ed. | ||
| 260 | |a Buenos Aires : |b Stella, |c 1981 | ||
| 300 | |a 496 p.1 | ||
| 859 | |a CEMS |b BIB. CEMS - 11 de abril |h 910 |i R735a10 |p 10426.81 |t Ej.1 | ||
| 859 | |a CEMS |b BIB. CEMS - 11 de abril |h 910 |i R735a10 |p 10427.81 |t Ej.2 | ||
| 859 | |a CEMS |b BIB. CEMS - 11 de abril |h 910 |i R735a10 |p 10428.81 |t Ej.3 | ||
| 859 | |a CEMS |b BIB. CEMS - 11 de abril |h 910 |i R735a10 |p 10429.81 |t Ej.4 | ||
| 859 | |a CEMS |b BIB. CEMS - 11 de abril |h 910 |i R735a10 |p 10430.81 |t Ej.5 | ||
